Dalla Fondazione Di Roma Alla Distruzione Di Cartagine Storia d'italia

-д хадгалсан:
Номзүйн дэлгэрэнгүй
Үндсэн зохиолч: Indro Montanelli
Формат: Ном
Хэл сонгох:Тодорхойгүй
Хэвлэсэн: Fabri Editore
Шошгууд: Шошго нэмэх
Шошго байхгүй, Энэхүү баримтыг шошголох эхний хүн болох!

MARC

LEADER 00000nam a2200000Ia 4500
001 R-312
003 CODICE-MESSINA
005 20260212102450.0
008 260211s9999 xx 000 0 und d
040 |c importazione_messina 
100 |a Indro Montanelli 
245 0 |a Dalla Fondazione Di Roma Alla Distruzione Di Cartagine 
245 0 |b Storia d'italia  
260 |b Fabri Editore 
942 |2 ddc  |c BK 
952 |0 0  |1 0  |2 ddc  |4 0  |6 SCAFFALE_4_000000000000000__LETTERATURA  |7 0  |9 31134  |a ME  |b ME  |d 2026-02-11  |l 0  |o SCAFFALE 4 - LETTERATURA  |p R-312  |r 2026-02-11 23:52:21  |w 2026-02-11  |x [REVISIONARE]  |y BK 
999 |c 26796  |d 26796